| 000 | 00416nam a2200169Ia 4500 | ||
|---|---|---|---|
| 008 | 230524s9999 xx 000 0 und d | ||
| 020 | _a8188429341 | ||
| 082 |
_a621.382 _bBAS |
||
| 100 |
_aS.Baskaran _96437 |
||
| 245 | 0 | _aElectromagnetic Waves and Wave Guides | |
| 250 | _a1ST | ||
| 260 |
_aNEW DELHI _bScitech _c2005 |
||
| 300 | _aVII;452 | ||
| 500 | _aQuantity Number: 1 | ||
| 650 | _aElectrical | ||
| 942 | _cBK | ||
| 999 |
_c8980 _d8980 |
||